| 000 | 00510nam a22002177a 4500 | ||
|---|---|---|---|
| 001 | 0191 | ||
| 003 | DO-SdBNP | ||
| 005 | 20180125131605.0 | ||
| 007 | 0191 | ||
| 008 | 151005b 200 19-- xxx 00| 0 spa d | ||
| 040 |
_aBPMSU _bspa _cBPMSU |
||
| 092 |
_aXXXX _bXXXX |
||
| 100 | 1 | _aErnesto | |
| 245 | 1 | 0 |
_aEl guerrillero / _ccamarada Ernesto |
| 260 |
_a[s.d] : _b[s. d], _c[19--]. |
||
| 300 |
_a235 p : _c19 cm. |
||
| 910 | _a144 | ||
| 942 |
_2ddc _cBK |
||
| 945 | _ainventariado, 2018 / dg | ||
| 956 | _aYngrid Lockward | ||
| 999 |
_c9324 _d9324 |
||